Statistics for Megacities on a World Map

Click here to take the quiz!

General Stats

  • This quiz has been taken 92,299 times
    (33,054 since last reset)
  • The average score is 28 of 37

Answers on the Map

Answers color-coded by a green-red scale on the quiz's map according to % correct below.
Loading ...
 

Answer Stats

PopulationCountryAgglomeration% Correct
22.1 mUnited StatesNew York City
99%
14.8 mUnited KingdomLondon
99%
11.4 mFranceParis
98%
23.0 mMexicoMexico City
98%
17.3 mRussiaMoscow
98%
40.4 mJapanTokyo
98%
17.7 mUnited StatesLos Angeles
97%
21.0 mEgyptCairo
94%
13.2 mBrazilRio de Janeiro
93%
19.8 mChinaBeijing
93%
30.3 mIndiaDelhi
92%
16.4 mTurkeyIstanbul
91%
16.8 mArgentinaBuenos Aires
87%
33.6 mChinaShanghai
86%
24.8 mSouth KoreaSeoul
86%
25.1 mIndiaMumbai
85%
10.1 mPeruLima
84%
31.3 mIndonesiaJakarta
84%
22.4 mBrazilSão Paulo
82%
13.9 mSouth AfricaJohannesburg
81%
25.7 mPhilippinesManila
81%
18.8 mThailandBangkok
80%
15.3 mIranTehran
80%
19.4 mNigeriaLagos
72%
17.7 mJapanOsaka
68%
46.7 mChinaGuangzhou
63%
16.8 mIndiaKolkata
62%
20.2 mBangladeshDhaka
60%
12.4 mDR CongoKinshasa
59%
17.8 mPakistanKarachi
55%
11.3 mIndiaChennai
44%
13.0 mPakistanLahore
43%
12.2 mIndiaBengaluru
43%
10.2 mIndiaHyderabad
36%
12.7 mChinaTianjin
31%
10.5 mJapanNagoya
31%
10.0 mChinaXiamen
21%

Score Distribution

Percentile by Number Answered

Percent of People with Each Score

Your Score History

You have not taken this quiz since the last reset